[Event "Vamu uma?"]
[Site "http://www.queenalice.com/game.php?id=188854"]
[Date "2007.3.28"]
[Round "-"]
[White "TigraoSC"]
[Black "jbrcron"]
[Result "1-0"]
[WhiteElo "2159"]
[BlackElo "1642"]

1. d4 d5 2. c4 b6 3. cxd5 Qxd5 4. Nc3 Qd8 5. e4 e6 6. Nf3 Bb7 7. Bb5+ c6 8. Bd3
f6 9. Bf4 Nd7 10. O-O Ne7 11. Qb3 Ng6 12. Qxe6+ Be7 13. Bc4 Rf8 14. Bg3 a5 15.
d5 Nc5 16. Qh3 Bd6 17. Rad1 b5 18. Bxd6 bxc4 19. Bxc5 Rf7 20. Qe6+ Ne7 21. dxc6
Qc7 22. Qd7+ Qxd7 23. cxd7+ Kd8 24. Bb6# 1-0

[Event "AUTO-ADV-276"]
[Site "http://www.queenalice.com/game.php?id=194568"]
[Date "2007.4.10"]
[Round "2"]
[White "cesarlm"]
[Black "TigraoSC"]
[Result "0-1"]
[WhiteElo "2256"]
[BlackElo "2154"]

1. e4 e5 2. Nf3 Nc6 3. Bb5 a6 4. Ba4 b5 5. Bb3 Nf6 6. Nc3 Bc5 7. Nxe5 Bxf2+ 8.
Kxf2 Nxe5 9. d4 Neg4+ 10. Kg1 b4 11. Nd5 c6 12. Nf4 d5 13. h3 Nh6 14. exd5 O-O
15. dxc6 Nf5 16. Ne2 a5 17. g4 a4 18. Bc4 Ne7 19. Qd3 Nxc6 20. g5 Nd5 21. Bd2
Nb6 22. Bb5 Na7 23. Rh2 Nxb5 24. Qxb5 Nd5 25. c4 bxc3 26. Nxc3 Ra5 27. Qc4 Re8
28. Nb5 a3 29. g6 hxg6 30. Qb3 Ne3 31. Bxe3 Rxb5 32. Qxb5 Rxe3 33. Rd1 Bf5 34.
bxa3 Qh4 0-1

[Event "AUTO-ADV-276"]
[Site "http://www.queenalice.com/game.php?id=194569"]
[Date "2007.4.10"]
[Round "2"]
[White "TigraoSC"]
[Black "cesarlm"]
[Result "1-0"]
[WhiteElo "2171"]
[BlackElo "2242"]

1. d4 Nf6 2. Nf3 e6 3. c4 Bb4+ 4. Bd2 c5 5. Bxb4 cxb4 6. e3 O-O 7. Bd3 d6 8. O-O
Nc6 9. Nbd2 e5 10. Qc2 Bg4 11. Ng5 exd4 12. h3 dxe3 13. fxe3 g6 14. hxg4 Nxg4
15. Ndf3 Nxe3 16. Qd2 Nxf1 17. Rxf1 d5 18. Qf4 h6 19. Nh3 Kg7 20. Nf2 f5 21. Re1
g5 22. Qh2 Rf6 23. g4 dxc4 24. Bxf5 Qd6 25. Qh3 Nd4 26. Rd1 Nxf3+ 27. Qxf3 Qc6
28. Qe3 Re8 29. Qd4 Re2 30. Ne4 c3 31. bxc3 bxc3 32. Qe5 c2 33. Rc1 Re1+ 34.
Rxe1 c1=Q 35. Rxc1 Qxc1+ 36. Kg2 Qc2+ 37. Kh3 Qd3+ 38. Ng3 Qf3 39. Qd4 Kf7 40.
Be4 Qa3 41. Bd5+ Re6 42. Bb3 a5 43. Qd7+ Qe7 44. Bxe6+ 1-0

[Event "AUTO-ADV-276"]
[Site "http://www.queenalice.com/game.php?id=194572"]
[Date "2007.4.10"]
[Round "2"]
[White "TigraoSC"]
[Black "Lopesq"]
[Result "1-0"]
[WhiteElo "2176"]
[BlackElo "1985"]

1. d4 d5 2. c4 Nf6 3. Nf3 dxc4 4. e3 b5 5. a4 c6 6. axb5 cxb5 7. Nc3 Qb6 8. b3
e6 9. bxc4 bxc4 10. Rb1 Qa5 11. Bd2 Bb4 12. Qa4+ Qxa4 13. Nxa4 Bxd2+ 14. Nxd2
O-O 15. Nxc4 Ba6 16. Nc5 Nc6 17. Nxa6 Nd5 18. Bd3 f5 19. O-O g6 20. Rfc1 Rad8
21. Nd2 Rc8 22. Nf3 h6 23. Bb5 Nce7 24. Nc5 Kf7 25. Ne5+ Kg8 26. Bd7 Rc7 27.
Nxg6 Rf6 28. Nxe7+ Kf7 29. Nc6 Nb6 30. Bxe6+ Rxe6 31. Nd8+ Ke7 32. Ndxe6 Rc8 33.
Ra1 Kf6 34. Rxa7 Nd5 35. Nd7+ Kxe6 36. Rxc8 h5 37. Nc5+ 1-0

[Event "AUTO-ADV-276"]
[Site "http://www.queenalice.com/game.php?id=194573"]
[Date "2007.4.10"]
[Round "2"]
[White "Lopesq"]
[Black "TigraoSC"]
[Result "0-1"]
[WhiteElo "1970"]
[BlackElo "2133"]

1. d4 d5 2. Nf3 Nf6 3. Bf4 Nc6 4. e3 Nh5 5. Bg3 e6 6. Bh4 Be7 7. Bxe7 Qxe7 8. a3
a6 9. Nbd2 Nf6 10. c4 O-O 11. Be2 Re8 12. O-O e5 13. cxd5 Nxd5 14. Nc4 e4 15.
Nfe5 Nxe5 16. dxe5 Rd8 17. Qc2 Bf5 18. Rad1 Qe6 19. Rd2 Rd7 20. Rfd1 Rad8 21.
Nd6 Nxe3 22. fxe3 cxd6 23. exd6 h5 24. Bxh5 Qh6 25. Be2 Qxe3+ 26. Kh1 b5 27. Rd5
Be6 28. R5d2 Bb3 29. Qb1 Bxd1 30. Qxd1 Qh6 31. Bg4 Rxd6 32. Rxd6 Rxd6 33. Qc2
Rc6 34. Qb3 Rc1+ 35. Bd1 Qe6 0-1

[Event "AUTO-ADV-254"]
[Site "http://www.queenalice.com/game.php?id=199923"]
[Date "2007.4.20"]
[Round "2"]
[White "limonois"]
[Black "TigraoSC"]
[Result "1/2-1/2"]
[WhiteElo "2105"]
[BlackElo "2182"]

1. e4 e5 2. Bc4 Bc5 3. c3 Nf6 4. d4 exd4 5. cxd4 Bb4+ 6. Bd2 Bxd2+ 7. Nxd2 d5 8.
exd5 O-O 9. Ngf3 Qe7+ 10. Ne5 Nbd7 11. O-O Nxe5 12. Re1 Nfg4 13. dxe5 Qh4 14. h3
Qxf2+ 15. Kh1 Ne3 16. Qe2 Qxe2 17. Rxe2 Nxc4 18. Nxc4 Re8 19. Rae1 b6 20. Rd2
Ba6 21. b3 Rad8 22. Kh2 Bb7 23. d6 c5 24. a4 Ba6 25. a5 Bxc4 26. bxc4 Re6 27.
Ree2 h6 28. Kg3 bxa5 29. Rd5 f6 30. Rxc5 fxe5 31. Rexe5 Rexd6 32. Rxa5 a6 33.
Kf3 Rf8+ 34. Ke3 Rf1 35. Rad5 Rc6 36. c5 a5 37. Kd4 Rd1+ 38. Kc3 Rc1+ 39. Kb2
Rc4 40. Kb3 Rc1 41. Ka4 Rc8 42. Kb5 a4 43. Rd7 Rb1+ 44. Kc4 1/2-1/2

[Event "AUTO-ADV-254"]
[Site "http://www.queenalice.com/game.php?id=199924"]
[Date "2007.4.20"]
[Round "2"]
[White "TigraoSC"]
[Black "limonois"]
[Result "1/2-1/2"]
[WhiteElo "2173"]
[BlackElo "2107"]

1. d4 Nf6 2. c4 e5 3. dxe5 Ng4 4. Nf3 Nc6 5. Bf4 Bb4+ 6. Nfd2 Ngxe5 7. e3 d6 8.
a3 Bxd2+ 9. Nxd2 O-O 10. Be2 Qf6 11. O-O Bf5 12. e4 Bxe4 13. Be3 Bf5 14. b4 a6
15. Nf3 Rfe8 16. b5 axb5 17. cxb5 Ne7 18. Nxe5 dxe5 19. Re1 Be4 20. Bf1 Qg6 21.
Bc5 b6 22. Bxe7 Rxe7 23. a4 Bb7 24. a5 bxa5 25. Rxa5 Rae8 26. Ra2 c6 27. b6 c5
28. Rb2 Rc8 29. Re3 h6 30. h3 Qf6 31. Bc4 e4 32. Rb1 Rc6 33. Qd2 Rd6 34. Qa5
Red7 35. Be2 Qe5 36. Ba6 Kh7 37. Bb5 Rd1+ 38. Re1 Rxe1+ 39. Rxe1 Rd4 40. Ba6
Bxa6 41. Qxa6 Rb4 42. Qb7 Qe6 43. Qc7 Rxb6 44. Qxc5 Qg6 45. Qe5 f5 46. Rc1 Re6
47. Qf4 Qg5 48. Qxg5 hxg5 49. Kf1 Kg6 50. Rc4 f4 51. Ra4 Kf5 52. Ra7 g6 53. Ke1
Rb6 1/2-1/2

[Event "AUTO-ADV-254"]
[Site "http://www.queenalice.com/game.php?id=199925"]
[Date "2007.4.20"]
[Round "2"]
[White "cappapleta"]
[Black "TigraoSC"]
[Result "0-1"]
[WhiteElo "2177"]
[BlackElo "2131"]

1. e4 e5 2. Nf3 Nc6 3. d4 exd4 4. Nxd4 Nxd4 5. Qxd4 Ne7 6. Bc4 Nc6 7. Qd5 Qf6 8.
O-O Ne5 9. Be2 c6 10. Qb3 Bc5 11. Be3 Bxe3 12. Qxe3 O-O 13. Nc3 Ng6 0-1

[Event "AUTO-ADV-254"]
[Site "http://www.queenalice.com/game.php?id=199926"]
[Date "2007.4.20"]
[Round "2"]
[White "TigraoSC"]
[Black "cappapleta"]
[Result "1-0"]
[WhiteElo "2144"]
[BlackElo "2116"]

1. d4 d5 2. c4 e6 3. Nf3 Nf6 4. Bg5 Nbd7 5. e3 h6 6. Bh4 g5 7. Bg3 Ne4 8. Bd3
Nxg3 9. hxg3 c6 10. Nc3 a6 11. cxd5 cxd5 12. Rc1 g4 13. Nd2 h5 14. Kf1 b5 15. e4
1-0